[Event "BEL-chT 1415"]
[Site "Belgium"]
[Date "2014.10.19"]
[Round "2.6"]
[White "Braun, Christian1111"]
[Black "Van der Burch, Arie"]
[Result "1-0"]
[WhiteElo "2360"]
[BlackElo "2212"]
[PlyCount "79"]
[EventDate "2014.09.28"]
[EventType "team-swiss"]
[EventRounds "11"]
[EventCountry "BEL"]
[SourceTitle "EXT 2015"]
[Source "ChessBase"]
[SourceDate "2014.11.20"]
[SourceVersion "1"]
[SourceVersionDate "2014.11.20"]
[SourceQuality "1"]
[WhiteTeam "Wirtzfeld"]
[BlackTeam "Borgerhout"]
[WhiteTeamCountry "BEL"]
[BlackTeamCountry "BEL"]

1. e4 Nc6 2. Nf3 d6 3. Bb5 Nf6 4. d3 g6 5. c3 Bg7 6. Nbd2 0-0 7. 0-0 e5 8. Re1 a6 9. Ba4 b5 10. Bc2 Rb8 11. Nf1 h6 12. b4 a5 13. bxa5 Nxa5 14. a4 bxa4 15. Rxa4 c5 16. d4 Bd7 17. Ra2 cxd4 18. cxd4 Qc7 19. dxe5 dxe5 20. Ba3 Be6 21. Bxf8 Bxf8 22. Ra4 Rb2 23. Ne3 Qb6 24. Nxe5 Bc5 25. Nd3 Bxe3 26. Rxe3 Nc4 27. Rxc4 Bxc4 28. Nxb2 Qxb2 29. h3 Kg7 30. Qd2 Qa1+ 31. Kh2 Qe5+ 32. g3 Bf1 33. Qe1 Bxh3 34. Kxh3 Qh5+ 35. Kg2 Ng4 36. Rf3 Qh2+ 37. Kf1 Ne5 38. Qc3 Qh1+ 39. Ke2 Qh5 40. Kd2 1-0

[Event "BEL-chT 0708"]
[Site "Belgium"]
[Date "2007.12.02"]
[Round "5.7"]
[White "Hovhannisyan, Mher"]
[Black "Van der Burch, Arie"]
[Result "1-0"]
[WhiteElo "2422"]
[BlackElo "2206"]
[PlyCount "79"]
[EventDate "2007.09.30"]
[EventType "team-tourn"]
[EventRounds "11"]
[EventCountry "BEL"]
[SourceTitle "CBM 121 Extra"]
[Source "ChessBase"]
[SourceDate "2008.01.10"]
[SourceVersion "1"]
[SourceVersionDate "2008.01.10"]
[SourceQuality "1"]
[WhiteTeam "Bredene"]
[BlackTeam "Borgerhout"]
[WhiteTeamCountry "BEL"]
[BlackTeamCountry "BEL"]

1. d4 e6 2. c4 c5 3. d5 exd5 4. cxd5 d6 5. Nc3 Ne7 6. Nf3 Ng6 7. g3 Be7 8. Bg2 Nd7 9. 0-0 a6 10. a4 0-0 11. Nd2 Rb8 12. Nc4 Nde5 13. Na3 Bf6 14. h3 Re8 15. f4 Nd7 16. Ne4 Bd4+ 17. e3 Nf6 18. Nxf6+ Bxf6 19. Qd3 Qc7 20. Kh2 Bd7 21. Nc4 b5 22. axb5 axb5 23. Nd2 c4 24. Qe2 Bf5 25. e4 c3 26. bxc3 b4 27. Qf2 Bc8 28. Ra7 Qxc3 29. e5 Bd8 30. Ne4 Bb6 31. Nxc3 Bxf2 32. Rxf2 bxc3 33. exd6 Nf8 34. Rc7 Rd8 35. Rxc3 Rxd6 36. f5 Rf6 37. Bf4 Rxf5 38. Bxb8 Rxf2 39. Rxc8 g5 40. Bd6 1-0

[Event "BEL-chT 0708"]
[Site "Belgium"]
[Date "2007.10.07"]
[Round "1.5"]
[White "Saiboulatov, Danial"]
[Black "Van der Burch, Arie"]
[Result "1/2-1/2"]
[WhiteElo "2384"]
[BlackElo "2206"]
[PlyCount "45"]
[EventDate "2007.09.30"]
[EventType "team-tourn"]
[EventRounds "11"]
[EventCountry "BEL"]
[SourceTitle "CBM 120 Extra"]
[Source "ChessBase"]
[SourceDate "2007.11.01"]
[SourceVersion "1"]
[SourceVersionDate "2007.11.01"]
[SourceQuality "1"]
[WhiteTeam "Charleroi CREC"]
[BlackTeam "Borgerhout"]
[WhiteTeamCountry "BEL"]
[BlackTeamCountry "BEL"]

1. e4 e6 2. d4 d5 3. Nd2 c5 4. Ngf3 Nf6 5. exd5 exd5 6. Bb5+ Bd7 7. Bxd7+ Nbxd7 8. 0-0 Be7 9. dxc5 Nxc5 10. Re1 0-0 11. Nf1 Nce4 12. Be3 Re8 13. c3 Bd6 14. Bd4 Qd7 15. Ne3 Bc7 16. Qb3 Qc6 17. Rad1 Rad8 18. Re2 Qd6 19. g3 b6 20. Kg2 Nh5 21. Kf1 Qd7 22. Ng1 f5 23. c4 1/2-1/2

[Event "BEL-chT 0506"]
[Site "Belgium"]
[Date "2006.03.12"]
[Round "10"]
[White "Ahn, Martin"]
[Black "Van der Burch, Arie"]
[Result "1-0"]
[WhiteElo "2296"]
[BlackElo "2219"]
[PlyCount "97"]
[EventDate "2005.10.09"]
[EventType "team-tourn"]
[EventRounds "11"]
[EventCountry "BEL"]
[SourceTitle "EXT 2007"]
[Source "ChessBase"]
[SourceDate "2006.11.23"]
[SourceVersion "1"]
[SourceVersionDate "2006.11.23"]
[SourceQuality "1"]
[WhiteTeam "SK Rochade"]
[BlackTeam "Borgerhout"]
[WhiteTeamCountry "BEL"]
[BlackTeamCountry "BEL"]

1. e4 Nc6 2. Nc3 Nf6 3. d4 d6 4. f4 e5 5. dxe5 Bg4 6. Nf3 Bxf3 7. gxf3 Nh5 8. Bb5 Qh4+ 9. Ke2 dxe5 10. Qd5 Rd8 11. Qxe5+ Be7 12. Nd5 Rd7 13. Bxc6 bxc6 14. Nxe7 Rxe7 15. Qg5 Qh3 16. Be3 h6 17. Qg4 Qxg4 18. fxg4 Nf6 19. Kf3 Nxe4 20. Rhe1 a6 21. Bd4 Nd2+ 22. Kf2 Ne4+ 23. Kf3 Nd2+ 24. Kf2 f6 25. Bc5 Rxe1 26. Rxe1+ Kf7 27. Re7+ Kg6 28. f5+ Kh7 29. Rxc7 Re8 30. Re7 Rd8 31. b3 Nb1 32. Bb4 c5 33. Ba5 Rd1 34. Rc7 Na3 35. Rxc5 Ra1 36. Bb4 Rxa2 37. Bxa3 Rxa3 38. Kf3 a5 39. Rc4 Ra2 40. Ke4 Ra1 41. Ra4 Re1+ 42. Kd5 h5 43. c4 Re3 44. c5 Rxb3 45. c6 hxg4 46. c7 Rd3+ 47. Rd4 Rc3 48. Rc4 Rd3+ 49. Kc6 1-0

[Event "BEL-chT 0506"]
[Site "Belgium"]
[Date "2006.01.08"]
[Round "6"]
[White "Van Herck, Marcel"]
[Black "Van der Burch, Arie"]
[Result "1-0"]
[WhiteElo "2171"]
[BlackElo "2219"]
[PlyCount "121"]
[EventDate "2005.10.09"]
[EventType "team-tourn"]
[EventRounds "11"]
[EventCountry "BEL"]
[SourceTitle "EXT 2007"]
[Source "ChessBase"]
[SourceDate "2006.11.23"]
[SourceVersion "1"]
[SourceVersionDate "2006.11.23"]
[SourceQuality "1"]
[WhiteTeam "Deurne"]
[BlackTeam "Borgerhout"]
[WhiteTeamCountry "BEL"]
[BlackTeamCountry "BEL"]

1. e4 e6 2. d4 d5 3. Nc3 Bb4 4. Nge2 dxe4 5. a3 Be7 6. Nxe4 Nf6 7. N2g3 Nxe4 8. Nxe4 0-0 9. Be2 Nc6 10. c3 e5 11. d5 Nb8 12. c4 f5 13. Nc3 a5 14. 0-0 Na6 15. Kh1 Kh8 16. Rb1 Bd7 17. Be3 Qe8 18. Bh5 Qc8 19. Be2 Qe8 20. Bh5 Qd8 21. f4 e4 22. Bd4 Nc5 23. Be2 a4 24. g4 Nb3 25. Be5 Bc5 26. gxf5 Bxf5 27. Nxa4 Rxa4 28. Qxb3 Ra6 29. Qc3 Rg6 30. Bh5 e3 31. Bxg6 hxg6 32. Bxg7+ Kh7 33. Bxf8 Be4+ 34. Kg1 e2+ 35. Rf2 Qxf8 36. Qh3+ Kg7 37. Re1 Qxf4 38. Qc3+ Kg8 39. Rexe2 Bf3 40. Qe5 Qg4+ 41. Kf1 Bxe2+ 42. Qxe2 Qh3+ 43. Rg2 Qf5+ 44. Ke1 Qb1+ 45. Qd1 Qe4+ 46. Re2 Qxc4 47. Qc2 Qh4+ 48. Kd1 Qd4+ 49. Kc1 Qg1+ 50. Qd1 Qg5+ 51. Kb1 b6 52. Qd3 Kg7 53. Qe4 Bd6 54. Rg2 Qh5 55. h4 b5 56. Qg4 Qxd5 57. Qxg6+ Kf8 58. Qg7+ Ke8 59. Re2+ Kd8 60. Qh8+ Kd7 61. Qe8# 1-0

[Event "BEL-chT 0405"]
[Site "Belgium"]
[Date "2005.04.15"]
[Round "9"]
[White "Boidman, Yuri"]
[Black "Van der Burch, Arie"]
[Result "0-1"]
[WhiteElo "2408"]
[BlackElo "2216"]
[PlyCount "84"]
[EventDate "2004.09.09"]
[EventType "team-tourn"]
[EventRounds "11"]
[EventCountry "BEL"]
[SourceTitle "EXT 2006"]
[Source "ChessBase"]
[SourceDate "2005.11.24"]
[SourceVersion "1"]
[SourceVersionDate "2005.11.24"]
[SourceQuality "1"]
[WhiteTeam "KSK47 Eynatten II"]
[BlackTeam "Borgerhout"]
[WhiteTeamCountry "BEL"]
[BlackTeamCountry "BEL"]

1. e4 e6 2. Nf3 d5 3. Nc3 Bb4 4. e5 Ne7 5. Ne2 c5 6. c3 Ba5 7. d4 cxd4 8. b4 d3 9. Nf4 Bb6 10. Bxd3 Qc7 11. 0-0 Ng6 12. Nh5 0-0 13. Re1 Qxc3 14. Rb1 Nd7 15. Rb3 Qc7 16. Bf4 a5 17. Ng5 axb4 18. Bb1 Ra3 19. Nxg7 Nxf4 20. Qg4 Qc5 21. Rf1 Qc4 22. Bxh7+ Kh8 23. Bd3 Ne2+ 24. Qxe2 Qh4 25. Nf3 Qg4 26. Nh5 Rxb3 27. axb3 Qxh5 28. Qd2 Bc5 29. Ra1 Kg7 30. Qf4 f6 31. exf6+ Rxf6 32. Qg3+ Kh8 33. Ra8 Rf8 34. Qc7 Bb6 35. Qc1 Nc5 36. Ne5 Nxb3 37. Qb2 Qd1+ 38. Bf1 Bxf2+ 39. Qxf2 Rxf2 40. Rxc8+ Kg7 41. Rc7+ Kg8 42. Kxf2 Qd4+ 0-1

[Event "Ruhrgebiet VK1 0405"]
[Site "Ruhrgebiet"]
[Date "2005.03.13"]
[Round "8.1"]
[White "Van der Burch, Arie"]
[Black "Pruefer, Wolfgang"]
[Result "1-0"]
[WhiteElo "2117"]
[BlackElo "2103"]
[PlyCount "71"]
[EventDate "2004.09.12"]
[EventType "team"]
[EventRounds "9"]
[EventCountry "GER"]
[SourceTitle "EXT 2006"]
[Source "ChessBase"]
[SourceDate "2005.11.24"]
[SourceVersion "1"]
[SourceVersionDate "2005.11.24"]
[SourceQuality "1"]
[WhiteTeam "Gerthe"]
[BlackTeam "Oberhausen II"]
[WhiteTeamCountry "GER"]
[BlackTeamCountry "GER"]

1. d4 d5 2. c4 e6 3. Nc3 f5 4. Nf3 c6 5. g3 Bd6 6. Bg2 Nf6 7. 0-0 0-0 8. b3 b6 9. e3 Bb7 10. Bb2 Nbd7 11. Ne2 Qe7 12. Nf4 Rfd8 13. Nd3 Rac8 14. Rc1 Ne4 15. Qe2 c5 16. Nfe5 Rc7 17. Nxd7 Rcxd7 18. cxd5 exd5 19. Rfd1 Ba6 20. Qf3 g6 21. Bf1 Bb7 22. Qe2 Qf7 23. Bg2 Ba6 24. Qc2 c4 25. Ne5 Bxe5 26. dxe5 Qe6 27. bxc4 Bxc4 28. Bd4 h5 29. h4 Rg7 30. Qa4 Nc5 31. Bxc5 bxc5 32. Rxc4 Rc7 33. Rc2 Qxe5 34. Rcd2 Rcd7 35. Qc6 Kg7 36. Qxc5 1-0

[Event "BEL-chT 0405"]
[Site "Belgium"]
[Date "2005.01.30"]
[Round "8"]
[White "Van der Burch, Arie"]
[Black "Le Quang, Kim"]
[Result "1/2-1/2"]
[WhiteElo "2216"]
[BlackElo "2276"]
[PlyCount "49"]
[EventDate "2004.09.09"]
[EventType "team-tourn"]
[EventRounds "11"]
[EventCountry "BEL"]
[SourceTitle "EXT 2006"]
[Source "ChessBase"]
[SourceDate "2005.11.24"]
[SourceVersion "1"]
[SourceVersionDate "2005.11.24"]
[SourceQuality "1"]
[WhiteTeam "Borgerhout"]
[BlackTeam "Charleroi CREC"]
[WhiteTeamCountry "BEL"]
[BlackTeamCountry "BEL"]

1. d4 Nf6 2. c4 g6 3. Nc3 Bg7 4. e4 d6 5. f4 0-0 6. Nf3 c5 7. d5 e6 8. Be2 exd5 9. cxd5 Bg4 10. 0-0 Nbd7 11. Re1 Re8 12. h3 Bxf3 13. Bxf3 Rb8 14. a4 a6 15. a5 b5 16. axb6 Rxb6 17. g4 h6 18. h4 Nh7 19. g5 hxg5 20. hxg5 c4 21. Ra4 Rxb2 22. Bxb2 Qb6+ 23. Kh1 Qxb2 24. Ne2 c3 25. Rc4 1/2-1/2

[Event "BEL-chT 0405"]
[Site "Belgium"]
[Date "2005.01.09"]
[Round "6"]
[White "Goossens, Etienne"]
[Black "Van der Burch, Arie"]
[Result "1/2-1/2"]
[WhiteElo "2283"]
[BlackElo "2216"]
[PlyCount "42"]
[EventDate "2004.09.09"]
[EventType "team-tourn"]
[EventRounds "11"]
[EventCountry "BEL"]
[SourceTitle "EXT 2006"]
[Source "ChessBase"]
[SourceDate "2005.11.24"]
[SourceVersion "1"]
[SourceVersionDate "2005.11.24"]
[SourceQuality "1"]
[WhiteTeam "Liege Crelel"]
[BlackTeam "Borgerhout"]
[WhiteTeamCountry "BEL"]
[BlackTeamCountry "BEL"]

1. d4 e6 2. c4 c5 3. d5 exd5 4. cxd5 d6 5. Nc3 Ne7 6. Nf3 Ng6 7. g3 Be7 8. Bg2 Nd7 9. 0-0 0-0 10. Nd2 a6 11. a4 Rb8 12. Nc4 Nde5 13. Na3 Bf6 14. h3 Re8 15. f4 Nd7 16. Nc4 Nb6 17. Na3 Bd7 18. a5 Na8 19. Ne4 Rxe4 20. Bxe4 Bxh3 21. Rf2 Qxa5 1/2-1/2

[Event "BEL-chT 0405"]
[Site "Belgium"]
[Date "2004.11.21"]
[Round "4"]
[White "Lemmers, Oscar"]
[Black "Van der Burch, Arie"]
[Result "1-0"]
[WhiteElo "2401"]
[BlackElo "2216"]
[PlyCount "93"]
[EventDate "2004.09.09"]
[EventType "team-tourn"]
[EventRounds "11"]
[EventCountry "BEL"]
[SourceTitle "EXT 2006"]
[Source "ChessBase"]
[SourceDate "2005.11.24"]
[SourceVersion "1"]
[SourceVersionDate "2005.11.24"]
[SourceQuality "1"]
[WhiteTeam "KGSRL"]
[BlackTeam "Borgerhout"]
[WhiteTeamCountry "BEL"]
[BlackTeamCountry "BEL"]

1. e4 e6 2. d4 d5 3. Nd2 c5 4. exd5 exd5 5. Ngf3 Nf6 6. Bb5+ Bd7 7. Qe2+ Be7 8. dxc5 0-0 9. Nb3 Re8 10. Be3 a6 11. Bd3 Ng4 12. 0-0-0 a5 13. c4 a4 14. Nbd4 a3 15. b3 Nxe3 16. fxe3 Bxc5 17. cxd5 Bg4 18. Bb5 Re7 19. h3 Bc8 20. e4 Na6 21. Rhf1 Qa5 22. Kb1 Nb4 23. Bc4 Bd7 24. e5 Bxd4 25. Nxd4 Nxd5 26. Nb5 Nc3+ 27. Nxc3 Qxc3 28. Rxf7 Rxf7 29. Rxd7 Kh8 30. Rxf7 Rd8 31. Rf1 g6 32. Qf2 Qxe5 33. Qf6+ Qxf6 34. Rxf6 Rd2 35. b4 Rb2+ 36. Kc1 Rxg2 37. Rf8+ Kg7 38. Rf7+ Kh6 39. Rxb7 Rg3 40. Bg8 Kg5 41. Rxh7 Kf4 42. b5 Ke4 43. b6 Kd3 44. Rd7+ Kc3 45. b7 Rg1+ 46. Rd1 Rg2 47. Bb3 1-0

[Event "BEL-chT 0405"]
[Site "Belgium"]
[Date "2004.09.26"]
[Round "2"]
[White "Van der Burch, Arie"]
[Black "Geirnaert, Steven"]
[Result "0-1"]
[WhiteElo "2216"]
[BlackElo "2323"]
[PlyCount "78"]
[EventDate "2004.09.09"]
[EventType "team-tourn"]
[EventRounds "11"]
[EventCountry "BEL"]
[SourceTitle "EXT 2006"]
[Source "ChessBase"]
[SourceDate "2005.11.24"]
[SourceVersion "1"]
[SourceVersionDate "2005.11.24"]
[SourceQuality "1"]
[WhiteTeam "Borgerhout"]
[BlackTeam "KBSK Brugge"]
[WhiteTeamCountry "BEL"]
[BlackTeamCountry "BEL"]

1. d4 Nf6 2. c4 e6 3. Nc3 d5 4. cxd5 exd5 5. Bg5 Be7 6. e3 c6 7. Bd3 Nbd7 8. Nge2 Nf8 9. Qc2 Ne6 10. Bh4 h6 11. h3 a5 12. f3 0-0 13. Bf2 Re8 14. 0-0 c5 15. Bb5 Bd7 16. dxc5 Bxc5 17. Bxd7 Qxd7 18. Rad1 Qc6 19. Qf5 Rad8 20. Rfe1 b5 21. Nd4 Nxd4 22. exd4 Ba7 23. Qd3 b4 24. Nb5 Bb8 25. Rc1 Rxe1+ 26. Rxe1 Qc4 27. Qxc4 dxc4 28. a4 Nd5 29. Rc1 Rc8 30. g3 f5 31. Kf1 Kf7 32. Ke2 Nb6 33. Ra1 Ke6 34. d5+ Nxd5 35. Nd4+ Kf6 36. Rd1 c3 37. Nxf5 c2 38. Rxd5 c1Q 39. Bd4+ Ke6 0-1

[Event "Ruhrgebiet VK2 0304"]
[Site "Ruhrgebiet"]
[Date "2004.04.25"]
[Round "9.1"]
[White "Van der Burch, Arie"]
[Black "Dorgarten, Armin"]
[Result "1/2-1/2"]
[WhiteElo "2155"]
[BlackElo "1934"]
[PlyCount "35"]
[EventDate "2003.09.28"]
[EventType "team"]
[EventRounds "9"]
[EventCountry "GER"]
[SourceTitle "EXT 2007"]
[Source "ChessBase"]
[SourceDate "2006.11.23"]
[SourceVersion "1"]
[SourceVersionDate "2006.11.23"]
[SourceQuality "1"]
[WhiteTeam "Gerthe"]
[BlackTeam "Ruettenscheid Rochade"]
[WhiteTeamCountry "GER"]
[BlackTeamCountry "GER"]

1. d4 d5 2. c4 c6 3. cxd5 cxd5 4. Nf3 Nf6 5. Nc3 Nc6 6. Bf4 Bf5 7. e3 e6 8. Ne5 a6 9. Be2 Nxe5 10. Bxe5 Bd6 11. Bxd6 Qxd6 12. 0-0 0-0 13. Qd2 Rfc8 14. Rac1 b5 15. f3 Bg6 16. Rfd1 h5 17. Bf1 Rc7 18. Bxb5 1/2-1/2

[Event "BEL-chT 0304"]
[Site "Belgium"]
[Date "2004.02.15"]
[Round "9.4"]
[White "Koch, Thomas"]
[Black "Van der Burch, Arie"]
[Result "1-0"]
[WhiteElo "2416"]
[BlackElo "2201"]
[PlyCount "93"]
[EventDate "2003.10.01"]
[EventType "team"]
[EventRounds "11"]
[EventCountry "BEL"]
[SourceTitle "EXT 2005"]
[Source "ChessBase"]
[SourceDate "2004.11.15"]
[SourceVersion "1"]
[SourceVersionDate "2004.11.15"]
[SourceQuality "1"]
[WhiteTeam "Eynatten II"]
[BlackTeam "Borgerhout"]
[WhiteTeamCountry "BEL"]
[BlackTeamCountry "BEL"]

1. d4 e6 2. c4 Nf6 3. Nf3 c5 4. d5 exd5 5. cxd5 Bd6 6. g3 Bc7 7. Bg2 d6 8. 0-0 0-0 9. Nc3 a6 10. a4 Re8 11. Nh4 Nbd7 12. Qc2 Rb8 13. b3 b5 14. Bb2 Ne5 15. Rad1 Ba5 16. Ne4 Nxe4 17. Bxe4 h6 18. Bh7+ Kh8 19. Bf5 c4 20. bxc4 Nxc4 21. Bd4 Bb6 22. Bc3 Qg5 23. e4 Kg8 24. axb5 axb5 25. Qd3 Bc5 26. Rb1 Ba6 27. Ra1 Bc8 28. Kg2 g6 29. Bxc8 Rbxc8 30. Rab1 Rb8 31. Rfe1 Qe7 32. f4 Qb7 33. Ba1 Kf8 34. Qc3 Ne3+ 35. Rxe3 Bxe3 36. Qxe3 Qxd5 37. Re1 Qa2+ 38. Kg1 Qa5 39. Nf3 Qb4 40. f5 g5 41. h4 Ra8 42. Bc3 Qc4 43. hxg5 b4 44. Bf6 Ra3 45. gxh6 Rxe3 46. h7 Rxe1+ 47. Nxe1 1-0

[Event "BEL-chT 0304"]
[Site "Belgium"]
[Date "2003.12.14"]
[Round "1.4"]
[White "Van der Burch, Arie"]
[Black "Diepeveen, Vincent"]
[Result "1/2-1/2"]
[WhiteElo "2201"]
[BlackElo "2276"]
[PlyCount "102"]
[EventDate "2003.10.01"]
[EventType "team"]
[EventRounds "11"]
[EventCountry "BEL"]
[SourceTitle "CBM 097 Extra"]
[Source "ChessBase"]
[SourceDate "2004.01.13"]
[SourceVersion "1"]
[SourceVersionDate "2004.01.13"]
[SourceQuality "1"]
[WhiteTeam "Borgerhout"]
[BlackTeam "Hoboken"]
[WhiteTeamCountry "BEL"]
[BlackTeamCountry "BEL"]

1. d4 d5 2. c4 c6 3. cxd5 cxd5 4. Nf3 Nf6 5. Nc3 Nc6 6. Bf4 Bf5 7. e3 e6 8. Ne5 Nxe5 9. Bxe5 Nd7 10. Qb3 Nxe5 11. dxe5 Qb6 12. Bb5+ Kd8 13. e4 a6 14. Qa4 Bxe4 15. Be8 Kc7 16. Qd7+ Kb8 17. Nxe4 dxe4 18. 0-0 Ka7 19. Bxf7 Rd8 20. Qxe6 Qxe6 21. Bxe6 Re8 22. Bb3 Rxe5 23. Rad1 Bc5 24. Rd7 Rf8 25. Rf7 Rxf7 26. Bxf7 Rf5 27. Bc4 b5 28. Be2 Kb6 29. g4 Rf6 30. Kg2 Bd4 31. b3 Kc5 32. f3 Kb4 33. a4 exf3+ 34. Rxf3 Rxf3 35. Kxf3 Kxb3 36. axb5 a5 37. Ke4 Bg1 38. h4 a4 39. Kd5 a3 40. Bc4+ Kb4 41. g5 Be3 42. Ba2 Kxb5 43. Ke6 h6 44. gxh6 Bxh6 45. Kd5 Bc1 46. Kd4 Kc6 47. h5 Kd6 48. Kc4 Ke5 49. Kb3 Kf6 50. Bb1 Bb2 51. Bg6 Kg5 1/2-1/2

[Event "Ruhrgebiet VK2 0304"]
[Site "Ruhrgebiet"]
[Date "2003.09.28"]
[Round "1.1"]
[White "Zwielich, Frank"]
[Black "Van der Burch, Arie"]
[Result "1-0"]
[WhiteElo "2001"]
[BlackElo "2155"]
[PlyCount "77"]
[EventDate "2003.09.28"]
[EventType "team"]
[EventRounds "9"]
[EventCountry "GER"]
[SourceTitle "EXT 2007"]
[Source "ChessBase"]
[SourceDate "2006.11.23"]
[SourceVersion "1"]
[SourceVersionDate "2006.11.23"]
[SourceQuality "1"]
[WhiteTeam "Wattenscheid IV"]
[BlackTeam "Gerthe"]
[WhiteTeamCountry "GER"]
[BlackTeamCountry "GER"]

1. d4 e6 2. c4 Nf6 3. Nc3 c5 4. d5 exd5 5. cxd5 Bd6 6. Nf3 Bc7 7. g3 d6 8. Bg2 0-0 9. 0-0 Re8 10. b3 Bd7 11. Bb2 b5 12. a4 bxa4 13. bxa4 Na6 14. Nd2 Rb8 15. Nc4 Ng4 16. Qc2 Nb4 17. Qd2 Ne5 18. Na3 Ba5 19. f4 Ng4 20. Nc4 Bc7 21. h3 Nh6 22. e4 Qc8 23. g4 Qa6 24. Nb5 Bxb5 25. axb5 Qxb5 26. Qc3 f6 27. g5 Nf7 28. gxf6 g6 29. Rxa7 Rb7 30. Rxb7 Qxb7 31. e5 Nxd5 32. Qd2 Qb3 33. Bxd5 Qxh3 34. e6 Rxe6 35. Bxe6 Qxe6 36. Ne3 c4 37. Nd5 Bb8 38. Re1 Ba7+ 39. Kh2 1-0

[Event "BEL-chT 0001"]
[Site "Belgium"]
[Date "2001.03.11"]
[Round "10"]
[White "Van der Burch, Arie"]
[Black "Claesen, Jeroen"]
[Result "1/2-1/2"]
[WhiteElo "2268"]
[BlackElo "2273"]
[PlyCount "26"]
[EventDate "2000.11.18"]
[EventType "team"]
[EventRounds "13"]
[EventCountry "BEL"]
[SourceTitle "CBM 081 Extra"]
[Source "ChessBase"]
[SourceDate "2001.05.06"]
[SourceVersion "1"]
[SourceVersionDate "2001.05.06"]
[SourceQuality "1"]

1. d4 g6 2. c4 f5 3. Nc3 Nf6 4. g3 Bg7 5. Bg2 d6 6. d5 Na6 7. Nf3 0-0 8. 0-0 Qe8 9. Nd4 Bd7 10. Re1 c6 11. e4 fxe4 12. Nxe4 Nxe4 13. Rxe4 Nc7 1/2-1/2

[Event "BEL-chT 0001"]
[Site "Belgium"]
[Date "2001.02.18"]
[Round "9"]
[White "Piceu, Tom"]
[Black "Van der Burch, Arie"]
[Result "1/2-1/2"]
[WhiteElo "2179"]
[BlackElo "2268"]
[PlyCount "84"]
[EventDate "2000.11.18"]
[EventType "team"]
[EventRounds "13"]
[EventCountry "BEL"]
[SourceTitle "CBM 081 Extra"]
[Source "ChessBase"]
[SourceDate "2001.05.06"]
[SourceVersion "1"]
[SourceVersionDate "2001.05.06"]
[SourceQuality "1"]

1. d4 e6 2. c4 c5 3. d5 exd5 4. cxd5 d6 5. Nc3 Ne7 6. e4 Ng6 7. f4 Be7 8. Nf3 0-0 9. Be2 Bf6 10. 0-0 a6 11. a4 Re8 12. Qd3 Bg4 13. Be3 Nd7 14. h3 Bxf3 15. Bxf3 Bd4 16. g3 Bxe3+ 17. Qxe3 Qb6 18. h4 Ngf8 19. Rf2 Rac8 20. Re1 c4 21. Qxb6 Nxb6 22. Rfe2 Nbd7 23. e5 dxe5 24. fxe5 Nc5 25. Bg4 Rb8 26. e6 Nd3 27. Rf1 fxe6 28. dxe6 Ng6 29. Rf5 Ne7 30. Rf7 Nc6 31. Rc7 Nce5 32. Bh3 b5 33. axb5 axb5 34. Ne4 Nf3+ 35. Kg2 Nd4 36. Re3 Nxe6 37. Rc6 Nd4 38. Rd6 Nc2 39. Re2 Nc5 40. Nc3 Rxe2+ 41. Nxe2 Nd3 42. Be6+ Kh8 1/2-1/2

[Event "Ruhrgebiet VK1 0001"]
[Site "Ruhrgebiet"]
[Date "2000.09.17"]
[Round "1"]
[White "Jungbluth, Rolf"]
[Black "Van der Burch, Arie"]
[Result "0-1"]
[WhiteElo "2026"]
[BlackElo "2196"]
[PlyCount "130"]
[EventDate "2000.09.17"]
[EventType "team-tourn"]
[EventRounds "9"]
[EventCountry "GER"]
[SourceTitle "EXT 2023"]
[Source "ChessBase"]
[SourceDate "2022.10.05"]
[SourceVersion "1"]
[SourceVersionDate "2022.10.05"]
[SourceQuality "1"]
[WhiteTeam "Herten Lasker"]
[BlackTeam "Gerthe"]
[WhiteTeamCountry "GER"]
[BlackTeamCountry "GER"]

1. c4 Nc6 2. Nc3 e5 3. g3 g6 4. Bg2 Bg7 5. d3 f5 6. Rb1 Nf6 7. b4 0-0 8. e3 d6 9. Nge2 Kh8 10. d4 e4 11. b5 Ne7 12. Ba3 g5 13. h4 gxh4 14. Rxh4 Ng6 15. Rh1 Ng4 16. Qb3 Be6 17. Nf4 Nxf4 18. gxf4 Bf6 19. d5 Bf7 20. Bb2 Rg8 21. Bf1 Rg6 22. Ne2 Kg8 23. Ng3 Bxb2 24. Rxb2 Qd7 25. Rd2 b6 26. Qc3 a6 27. bxa6 Rxa6 28. Rh5 Nxf2 29. Kxf2 Rxg3 30. Kxg3 Bxh5 31. Rg2 Ra8 32. Qf6 Bg6 33. Kh3 Qf7 34. Qg5 Rf8 35. Be2 Qf6 36. Qh6 Rf7 37. Rg3 Qg7 38. Qg5 Qf6 39. Qh6 Rg7 40. Bd1 Qa1 41. Qh4 Rf7 42. Qh5 Kg7 43. Qe2 Rf8 44. Rg2 Ra8 45. Bb3 Kh8 46. Qb2+ Qxb2 47. Rxb2 Bh5 48. Kh4 Bg4 49. Kg5 Kg7 50. Rh2 h5 51. Rh1 Kf7 52. Ra1 Rg8+ 53. Kh4 Bf3 54. a4 Kf6 55. a5 bxa5 56. Rxa5 Rb8 57. Ra3 Rb4 58. Ba2 Rb2 59. Bb3 Rb1 60. c5 Rh1+ 61. Kg3 h4+ 62. Kf2 Rh2+ 63. Kf1 Rb2 64. cxd6 cxd6 65. Ra6 Be2+ 0-1

[Event "Ruhrgebiet VK1 9900"]
[Site "Ruhrgebiet"]
[Date "2000.04.16"]
[Round "8"]
[White "Rogge, Uwe"]
[Black "Van der Burch, Arie"]
[Result "0-1"]
[WhiteElo "1651"]
[BlackElo "2198"]
[PlyCount "90"]
[EventDate "1999.09.19"]
[EventType "team-tourn"]
[EventRounds "9"]
[EventCountry "GER"]
[SourceTitle "EXT 2024"]
[Source "ChessBase"]
[SourceDate "2023.10.10"]
[SourceVersion "1"]
[SourceVersionDate "2023.10.10"]
[SourceQuality "1"]

1. e4 e6 2. d4 d5 3. Nc3 Bb4 4. Nge2 dxe4 5. a3 Be7 6. Nxe4 Nf6 7. N2g3 Nxe4 8. Nxe4 0-0 9. Be3 Nd7 10. Bd3 Nf6 11. Nxf6+ Bxf6 12. c3 Re8 13. Qc2 g6 14. f4 Bd7 15. 0-0 Bc6 16. Be4 Bxe4 17. Qxe4 Qd5 18. Qf3 Bg7 19. Rae1 b5 20. Qxd5 exd5 21. f5 Re4 22. fxg6 hxg6 23. Bd2 Rae8 24. Rxe4 Rxe4 25. Kf2 Bf8 26. Re1 f5 27. Rxe4 dxe4 28. Bf4 c6 29. g4 Be7 30. gxf5 gxf5 31. Kg3 Kf7 32. h3 a5 33. Bc7 a4 34. Bf4 Kg6 35. Kf2 Bg5 36. Bd6 f4 37. h4 Bxh4+ 38. Ke2 Kf5 39. Be5 f3+ 40. Ke3 Bg5+ 41. Kf2 Bc1 42. Bd6 Bxb2 43. Bb4 Bc1 44. Bd6 Bd2 45. Bb4 Kg4 0-1